| 000 | 01629cam a2200325 i 4500 | ||
|---|---|---|---|
| 001 | 17945959 | ||
| 003 | OSt | ||
| 005 | 20251125091420.0 | ||
| 008 | 131118s2013 mnu 001 0 eng | ||
| 010 | _a 2013362163 | ||
| 020 |
_a9780314616715 _qpbk. |
||
| 020 |
_a0314616713 _qpbk. |
||
| 035 | _a17945959 | ||
| 040 | _aSEKU | ||
| 050 | 0 | 0 |
_aKF1250 _b.A24 2013 |
| 245 | 0 | 2 |
_aA concise restatement of torts / _ccompiled by Ellen M. Bublick, Dan B. Dobbs, Professor of Law, University of Arizona, James E. Rogers, College of Law. |
| 250 | _aThird edition. | ||
| 260 |
_aSt. Paul, MN : _bAmerican Law Institute Publishers, _c2013. |
||
| 300 | _axviii, 399 pages ; | ||
| 336 |
_atext _2rdacontent |
||
| 337 |
_aunmediated _2rdamedia |
||
| 338 |
_avolume _2rdacarrier |
||
| 500 | _aAt head of title: The American Law Institute. | ||
| 500 | _aIncludes index. | ||
| 505 | 0 | _aIntroduction to the restatement of torts -- Intentional harm to persons -- Intentional harm to land or chattels -- Defenses of person, land, and chattels : privileges -- Negligence liability and the ordinary duty of care -- Breach of duty -- Physical harm -- Factual cause -- Scope of liability (proximate cause) -- Defenses -- Affirmative duties -- Duty of land possessors -- Liability for emotional harm -- Direct and vicarious liability of those who hire employees and independent contractors -- Strict liability -- Products liability -- Nuisance -- Apportionment of liability -- Damages. | |
| 650 | 0 |
_aTorts _zUnited States. |
|
| 700 | 1 |
_aBublick, Ellen M., _eeditor of compilation. |
|
| 710 | 2 | _aAmerican Law Institute. | |
| 942 |
_2lcc _cGEN |
||
| 999 |
_c18679 _d18679 |
||